00528nam a2200181 a 45000010010000000030011000100080041000210350026000620820014000881000027001022450028001292600039001576500013001969420012002099520090002219980020003119990015003310000-8540ELIB.Books110520 1963  a(ELIB.Books)0000-8685 a230 bBea aBea, Augustin Cardinal aThe Unity of Christians bNew York: Herder and Herder c1963 aTheology 2ddccBK 00102ddc4070aKBTSbKBTSd2011-05-20l0p1780r2022-01-22 00:00:00w2022-01-22yBK cbate2011-05-20 c8540d8540